Państwa produkujące najwięcej ziemniaków - Statystyki

Ogólne statystyki
  • Ten quiz został rozwiązany 43 razy
  • Średni wynik to 12 z 15
Statystyki odpowiedzi
Tony (mln) Kraj % Poprawnych
18,9 Rosja
100%
95,6 Chiny
97%
56,2 Indie
97%
6,0 Polska
97%
17,8 Stany Zjednoczone
97%
10,7 Niemcy
95%
8,1 Francja
87%
6,2 Kanada
87%
20,9 Ukraina
85%
5,2 Turcja
79%
7,9 Pakistan
59%
6,2 Egipt
51%
6,9 Holandia
49%
6,0 Peru
44%
10,1 Bangladesz
28%
Nie znaleziono quizów pasujących do podanych kryteriów
Rozkład punktacji
Procent ludzi z każdym wynikiem
Percentyl według liczby udzielonych odpowiedzi
Twoja historia wyników
Nie rozwiązałeś tego quizu